Návrh riešenia na zlepšenie projektového riadenia v spoločnosti Franke Slovakia s.r.o.
Uložené v:
| Hlavný autor: | |
|---|---|
| Ďalší autori: | |
| Médium: | Rukopis Kniha |
| Jazyk: | Slovak |
| Vydavateľské údaje: |
2023
|
| Predmet: | |
| On-line prístup: | http://is.stuba.sk/zp/portal_zp.pl?podrobnosti=170516 |
| Tagy: |
Žiadne tagy, Buďte prvý, kto otaguje tento záznam!
|
MARC
| LEADER | 00000ntm a22000003a 4500 | ||
|---|---|---|---|
| 001 | stuzp91951 | ||
| 003 | SK-STU | ||
| 005 | 20230909212027.3 | ||
| 007 | ta | ||
| 008 | 150427s2015----xo-----f-mn---000-0-slo-d | ||
| 040 | |a STU |b slo | ||
| 041 | 0 | |a slo | |
| 100 | 1 | |a Štrbák, Martin |u 064000 |4 aut |U MTF Materiálovotechnologická fakulta |T MTF Ústav priemyselného inžinierstva a manažmentu |X 97241 |U M4000 |Y 84 |7 97241 | |
| 242 | 0 | 1 | |a Proposal for a solution to improve project management at Franke Slovakia s.r.o. |y eng |
| 245 | 1 | 0 | |a Návrh riešenia na zlepšenie projektového riadenia v spoločnosti Franke Slovakia s.r.o. |
| 260 | |c 2023 | ||
| 650 | 4 | |a Projekt |2 slo | |
| 650 | 4 | |a Projektové riadenie |2 slo | |
| 650 | 4 | |a Metódy projektového riadenia |2 slo | |
| 650 | 4 | |a Project |2 eng | |
| 650 | 4 | |a Project management |2 eng | |
| 650 | 4 | |a Methods of project management |2 eng | |
| 700 | 1 | |a Hrablik Chovanová, Henrieta |u 064000 |k Z1 |4 ths |U MTF Materiálovotechnologická fakulta |T MTF Ústav priemyselného inžinierstva a manažmentu |X 2766 |U M4000 |Y 84 |7 A000002766 | |
| 856 | 4 | |u http://is.stuba.sk/zp/portal_zp.pl?podrobnosti=170516 | |
| 996 | |c M* DP-15258 |l MMSKP |s P |a 0 |w stuzp91951_0001 | ||